000 00990nam a2200193Ia 4500
008 100122s9999 xx 000 0 und d
082 _b57503
_a30
100 _aमिटन सायमन
245 _aखगोलशास्त्र (किशोर विज्ञान मालिका ) अनु. सोवनी रा वि ( क.क्र.231/2 )
250 _a0
260 _bऑक्सफर्ड युनिव्हर्सिटी प्रेस
_c1999
300 _a160
520 _a( क.क्र.240 )
620 _a( क.क्र.240 )
630 _aखगोलशास्त्र (किशोर विज्ञान मालिका ) अनु. सोवनी रा वि ( क.क्र.231/2 )
700 _aसोवनी रा वि
730 _aखगोलशास्त्र (किशोर विज्ञान मालिका ) अनु. सोवनी रा वि ( क.क्र.231/2 )
942 _cBOOK
999 _c433692
_d433689